000 00329 a2200145 4500
001 167331
020 _a
040 _cMagnum
100 _aDemo, Pedro
240 1 0 _aCidadania tutelada e cidadania assistida
_lpor
245 1 0 _aCidadania tutelada e cidadania assistida
362 0 _a1899
697 _aPOLITICA
942 _cBK
999 _c167331
_d167331